| 000 | 00658nam a2200241Ia 4500 | ||
|---|---|---|---|
| 003 | OSt | ||
| 005 | 20221005075954.0 | ||
| 006 | a|||||r|||| 00| 0 | ||
| 007 | ta | ||
| 008 | 221004b |||||||| |||| 00| 0 eng d | ||
| 024 | _a28888 | ||
| 037 | _cTextual | ||
| 040 |
_aCRL _cCRL _beng |
||
| 041 |
_2eng _aeng |
||
| 082 | _aG955.2g1G'N9, N1 | ||
| 100 |
_aKrishnamurti C R and others Ed _9610162 |
||
| 245 | 0 |
_aGanga _b A scientific study |
|
| 260 |
_aNew Delhi _bNorthern _c1991 |
||
| 300 |
_a246p _ccm. |
||
| 650 | _aBIOLOGY | ||
| 942 |
_hG955.2g1G'N9, N1 _cTEXL _2cc |
||
| 999 |
_c985482 _d985482 |
||